000 00694cam a22002291 4500
001 agr48000473
003 DLC
005 20260227111009.0
008 850910s1948 dcuab f000 0 eng c
010 _aagr48000473
035 _a(OCoLC)12535396
040 _aU.S. Dept. of Agr. Libr.
_cT
_dDLC
042 _apremarc
043 _an-us-id
_an-us-ut
_an-us-wy
050 0 0 _aSD428.C25
_bA5 1948
082 _a917.964
110 1 _aUnited States.
_bForest Service.
_bIntermountain Region.
245 0 0 _aCaribou National Forest ;
_bIdaho, Utah, Wyoming.
260 _aWashington,
_bU.S. Govt. Print. Off.,
_c1948.
300 _a17 p.
_billus., map.
_c24 cm.
651 0 _aCaribou National Forest.
999 _c10897
_d10897